تحميل...

Tex Unbound: Latex and Tex strategies for Fonts, Graphics, and more

التفاصيل البيبلوغرافية
المؤلف الرئيسي: Hoenig, Alan
التنسيق: Printed Book
منشور في: Oxford University Press, Oxford 1998
الموضوعات:
LEADER 00499nam a2200169 4500
082 |a 004 HOE-T 
100 |a Hoenig, Alan 
245 |a Tex Unbound: Latex and Tex strategies for Fonts, Graphics, and more  |c Alan Hoenig 
250
260 |a Oxford University Press, Oxford  |c 1998 
300
490
650 |a Computer science 
700
942 |c BK 
999 |c 203336  |d 203336 
952 |0 0  |1 0  |4 0  |6 004_000000000000000_HOET  |7 0  |9 216685  |a MAT  |b MAT  |l 0  |o 004 HOE-T  |p MAT4699  |r 2019-11-01  |w 2019-11-01  |y BK